000 00525nam a2200193Ia 4500
999 _c1548
_d1548
003 OSt
005 20200924094735.0
008 190216s9999||||xx |||||||||||||| ||und||
020 _a9788121903097
040 _coclc
082 _a571.2
_bJAI/F
100 _aJain, V K
_91322
245 0 _aFundamentals Of Plant Physiology /
_cV K Jain
250 _a7th Ed.
260 _bS Chand & Company,
_c2004.
_aNew Delhi:
300 _a484p
650 _aBotany
942 _cBK
_2ddc
_h571.2
_iJAI/F
_k571.2
_mJAI/F